000 00415 a2200157 4500
999 _c4629
_d4629
020 _a0869225243
050 0 0 _aPL8681
245 0 0 _aNhetembo /
_ccompiled by the Rhodesia Literature Bureau.
250 _a1st ed.
264 _aGweru:
_bMambo press,
_c1972
300 _a228 p. ;
500 _aShona Poetry
650 0 _aShona poetry.
710 2 _aRhodesia Literature Bureau.
942 _2lcc
_cBK
_e1st
_h8681
_iNHE
_kPL